000 00648nam a2200181Ia 4500
008 151202s9999||||xx |||||||||||||| ||und||
082 _bPNVM-40988
100 _aघाणेकर मुसूदन.
245 _aअंकशास्त्र एक रहस्य.
260 _b"सुयोग प्रकाशन,पुणे."
260 _c1996
300 _a78
600 _aघाणेकर मुसूदन.
630 _aअंकशास्त्र एक रहस्य.
700 _aघाणेकर मुसूदन.
730 _aअंकशास्त्र एक रहस्य.
942 _cBOOK
999 _c1306940
_d1306937